スマブラキャラ名 中国語から日本語 - Statistics

General Stats
  • This quiz has been taken 537 times
  • The average score is 25 of 102
Answer Stats
中国語 日本語 % Correct
庫巴Jr. クッパJr.
93%
JOKER ジョーカー
63%
帝帝帝大王 デデデ
60%
勇者 勇者
54%
村民 むらびと
54%
庫魯魯王 キングクルール
51%
麵麵 ミェンミェン
47%
ヒカリ
45%
甲賀忍蛙 ゲッコウガ
44%
Wii Fit 教練 Wii Fit トレーナー
43%
神威 カムイ
42%
Mr.Game&Watch Mr.ゲーム&ウォッチ
41%
庫巴 クッパ
39%
火狐 フォックス
39%
琉加 リュカ
39%
ホムラ
39%
リュウ
39%
翻越冰山者 アイスクライマー
37%
機器人 ロボット
37%
零裝甲薩姆斯 ゼロスーツサムス
36%
噴火龍 リザードン
36%
吞食花 パックンフラワー
35%
Mii 鬥士射擊 Mii 射撃タイプ
32%
黑暗薩姆斯 ダークサムス
31%
薩姆斯 サムス
31%
林克 リンク
31%
皮克敏&歐利瑪 ピクミン&オリマー
30%
羅伊 ロイ
30%
洛伊 ロイ
29%
一八 カズヤ
29%
墨魚戰士 インクリング
28%
年幼林克 こどもリンク
28%
熾焰咆哮虎 ガオガエン
28%
卡通林克 トゥーンリンク
26%
碧姬公主 ピーチ
25%
馬力歐 マリオ
25%
Mii 鬥士劍術 Mii 剣術タイプ
25%
黑暗彼特 ブラックピット
24%
羅潔塔&奇可 ロゼッタ&チコ
24%
皮卡丘 ピカチュウ
23%
皮丘 ピチュー
23%
彼特 ピット
23%
Mii 鬥士格鬥 Mii 格闘タイプ
23%
帕露提娜 パルテナ
22%
瓦利歐 ワリオ
22%
飛隼隊長 キャプテン・ファルコン
22%
庫洛武 クロム
21%
妙蛙草 フシギソウ
21%
路卡利歐 ルカリオ
21%
瑪利歐醫生 ドクターマリオ
21%
露琪娜 ルキナ
20%
卡比 カービィ
20%
ケン
20%
馬爾斯 マルス
20%
賽菲羅斯 セフィロス
19%
阿邦&阿卡 バンジョー&カズーイ
19%
索尼克 ソニック
19%
修爾克 シュルク
19%
奈斯 ネス
19%
皮克敏&阿爾福 ピクミン&アルフ
19%
里希特 リヒター
19%
拉里 ラリー
19%
寶可夢訓練家 ポケモントレーナー
19%
魅塔騎士 メタナイト
19%
森喜剛 ドンキーコング
18%
加儂多夫 ガノンドロフ
18%
傑尼龜 ゼニガメ
18%
超夢 ミュウツー
17%
黛西公主 デイジー
17%
利德雷 リドリー
17%
狄狄剛 ディディーコング
16%
索拉 ソラ
16%
路易吉 ルイージ
16%
泰利 テリー
15%
貝雷特 ベレト
15%
洛克人 ロックマン
15%
西施惠 しずえ
14%
莫頓 モートン
14%
西蒙 シモン
14%
伊吉 イギー
14%
沃爾夫 ウルフ
13%
吃豆人 パックマン
13%
愛莉克斯 アレックス
13%
小麥克 リトルマック
12%
洛德威格 ルドウィッグ
12%
艾克 アイク
12%
蓓優妮塔 ベヨネッタ
12%
終界使者 エンダーマン
12%
魯弗萊 ルフレ
12%
希克 シーク
12%
貝雷絲 ベレス
12%
克勞德 クラウド
12%
胖丁 プリン
11%
殭屍 ゾンビ
11%
耀西 ヨッシー
11%
史提夫 スティーブ
11%
法爾科 ファルコ
10%
史內克 スネーク
10%
塞爾達 ゼルダ
10%
雷米 レミー
9%
溫緹 ウェンディ
8%
打獵 ダックハント
8%
No matching quizzes found
Score Distribution
Percent of People with Each Score
Percentile by Number Answered
Your Score History
You have not taken this quiz